History of Football by Decade A-Z - 1980s - Statistics

General Stats
  • This quiz has been taken 17 times
  • The average score is 12 of 26
Answer Stats
Letter Hint Answer % Correct
A This team won its first UEFA Cup Winner's Cup under the management of Sir Alex Ferguson Aberdeen FC
88%
M He was Cup champion with Barcelona, league champion with Napoli and World champion in 1986 Diego Armando Maradona
82%
U This is the only European team in which Brazil's star Zico ever played Udinese
76%
H The tragedy in this stadium saw 39 spectators dead and english teams banned from european competitions for several years Heysel
71%
V Top goalscorer in 1988 UEFA Euro, his volley goal allowed his country to win their first ever national teams tournament Marco Van Basten
71%
P He became the player to score more goals in a single UEFA Euro tournament, and the first to win three consecutive Ballon d'Or awards Michel Platini
71%
S This goalkeeper was the victim of two of the most famous goals in football history: "the hand of God" and "the goal of the century" Peter Shilton
71%
W In 1988, this "Crazy gang" won the FA Cup Wimbledon FC
65%
C Impulsed by Socrates, this team was an example of Democracy movement during the brazilian dictatorship Corinthians
59%
L He was the top goalscorer in 1986 FIFA World Cup Gary Lineker
59%
R Top goalscorer and player of the tournament in 1982 FIFA World Cup Paolo Rossi
59%
Z He was the captain of 1982 FIFA World Cup winners and the oldest ever player to lift the trophy Dino Zoff
53%
E He managed an almost amateur IK Goteborg to win 1982 UEFA Cup Sven-Göran Eriksson
53%
I This team won their first ever international tournament in1981, lifting the UEFA Cup Ipswich Town
47%
G His spaghetti legs became widely famous in the 1984 European Cup penalty shootout Bruce Grobbelaar
35%
K The president of this football federation achieved to disallow a goal that his team had conceded in 1982 FIFA World Cup Kuwait
35%
T He scored in 1982 FIFA World Cup final, leaving an iconic celebration Marco Tardelli
29%
Q Nickname of a LaLiga star, who was kidnapped and kept prisioner during 25 days while playing for Barcelona Quini
29%
B He was Argentina's national manager when they won the FIFA World Cup in 1986 Carlos Salvador Bilardo
24%
N It was the mascot of 1982 FIFA World Cup Naranjito
24%
F 1983 Copa America winner and player of the tournament. He would also win it in 1987 and become a legend in River Plate Enzo Francescoli
18%
Y Canon, the team of this city, won four national league titles and one CAF Champions League Yaoundé
18%
O He managed Real Sociedad to their two first league titles ever Alberto Ormaetxea
12%
X Galician druglord Sito Miñanco transformed this amateur team into the wealthiest one in all Galicia Xuventude Cambados
12%
D Legendary captain of AS Roma, he dramatically killed himself in the tenth anniversary of their 1984 European Cup defeat Agostino Di Bartolomei
6%
J This coach managed Steaua Bucharest to an unexpected European Cup win in 1986 Emerich Jenei
6%
No matching quizzes found
Score Distribution
Percent of People with Each Score
Percentile by Number Answered
Your Score History
You have not taken this quiz